000 00660nam a2200217 a 4500
003 (BD-SpBAUS)
005 20260222092115.0
008 260222r20181979ii a|||| |||| 001 0 eng d
020 _a9788174090320
040 _aBD-SpBAUS
_cBD-SpBAUS
041 _aeng
082 _a624.151
_bGAP 1979
100 _aGarg, Santosh Kumar
_92395
245 _aPhysical and Engineering Geology /
_cSantosh Kumar Garg.
260 _aNew Delhi :
_bKhanna Publishers,
_cc1979 [Reprint 2018].
300 _axix, 800 p. :
_bill. ;
_c23 cm.
504 _aIncludes index and bibliography
650 _aEngineering geology
_92396
650 _aGeology
_92107
942 _2ddc
_cBK
_n0
999 _c972
_d972